Normal view
MARC view
- Political science
Entry Topical Term
001 - CONTROL NUMBER
- control field: 105315
003 - CONTROL NUMBER IDENTIFIER
- control field: NUST
005 - DATE AND TIME OF LATEST TRANSACTION
- control field: 20221220112721.0
008 - FIXED-LENGTH DATA ELEMENTS
- fixed length control field: 221220|| aca||aabn | a|a d
040 ## - CATALOGING SOURCE
- Original cataloging agency: NUST
- Transcribing agency: NUST
150 ## - HEADING--TOPICAL TERM
- Topical term or geographic name entry element: Political science
- General subdivision: History
670 ## - SOURCE DATA FOUND
- Source citation: Work cat.: (NUST)184912: Kirk, Russell. 105314, The roots of American order / , [1974]
